| 000 | 00491 a2200169 4500 | ||
|---|---|---|---|
| 003 | OSt | ||
| 005 | 20240110120042.0 | ||
| 008 | 240110b |||||||| |||| 00| 0 eng d | ||
| 020 | _a9789382581703 | ||
| 040 | _coclc | ||
| 082 |
_a297 _bSAL/I |
||
| 100 |
_aSaleem, Mishal _910249 |
||
| 245 |
_aIndiayodu Yudham cheyyan Nabi kalppichuvo ? / _cDr. Mishal Saleem |
||
| 260 |
_aKerala: _bDa'wa books, _c2021. |
||
| 300 | _a147p | ||
| 942 |
_2ddc _cBK _h297 _iSAL/I _k297 _mSAL/I |
||
| 999 |
_c43086 _d43086 |
||